Top 5 Songs On The Perfect LUV Tape (Lil Uzi Vert) - Statistics

General Stats
  • This quiz has been taken 13 times
  • The average score is 4 of 5
Answer Stats
Hint Answer % Correct
232,181,274 Do What I Want
92%
398,374,850 Erase Your Social
83%
62,070,260 Ronda (Winners)
75%
144,912,970 Seven Million
67%
119,324,563 SideLine Watching (Hold Up)
58%
No matching quizzes found
Score Distribution
Percent of People with Each Score
Percentile by Number Answered
Your Score History
You have not taken this quiz